Training datasets for Slovak Large Language Models

Enregistré dans:
Détails bibliographiques
Auteur principal: Lamačka, Denis (Auteur)
Autres auteurs: Košťál, Kristián (Directeur de thèse)
Format: Manuscrit Livre
Langue:slovaque
anglais
Publié: 2025
Sujets:
Accès en ligne:http://is.stuba.sk/zp/portal_zp.pl?podrobnosti=184057
Tags: Ajouter un tag
Pas de tags, Soyez le premier à ajouter un tag!

MARC

LEADER 00000ntm a22000003a 4500
001 stuzp105834
003 SK-STU
005 20250607211754.5
007 ta
008 150427s2015----xo-----f-mn---000-0-slo-d
040 |a STU  |b slo 
041 0 |a eng 
100 1 |a Lamačka, Denis  |u 070400  |4 aut  |U FIIT Fakulta informatiky a informačných technológií  |T FIIT Ústav počítačového inžinierstva a aplikovanej informatiky  |X 103021  |U I400  |Y 672  |7 103021 
242 0 1 |a Datasety pre slovenské large language modely  |y slo 
245 1 0 |a Training datasets for Slovak Large Language Models 
260 |c 2025 
650 4 |a crawling  |2 eng 
650 4 |a dataset  |2 eng 
650 4 |a NLP  |2 eng 
650 4 |a pipeline  |2 eng 
650 4 |a LLM  |2 eng 
650 4 |a crawling  |2 slo 
650 4 |a dataset  |2 slo 
650 4 |a NLP  |2 slo 
650 4 |a LLM  |2 slo 
650 4 |a pipeline  |2 slo 
700 1 |a Košťál, Kristián  |u 070400  |k Z1  |4 ths  |U FIIT Fakulta informatiky a informačných technológií  |T FIIT Ústav počítačového inžinierstva a aplikovanej informatiky  |X 52559  |U I400  |Y 672  |7 52559 
856 4 |u http://is.stuba.sk/zp/portal_zp.pl?podrobnosti=184057